000 00718nam a2200217Ia 4500
003 GCL
008 140319s9999 xx 000 0 ara d
040 _aGCL /
_cGCL
082 0 4 _aط
_b813.0876
_bح ح
100 1 _aحسن احمد جغام
245 1 0 _aحصان طروادة: مقتبسة عن الالياذة طوميروس /
_cحسن احمد جغام
260 _a[S.N] :
_bدار المعارف للطباعة والنشر ،
_c1992
300 _a112 ص
490 _aاجمل القصص للناشئين
_v0
650 0 4 _aقصص البطولات
650 0 4 _aالاطفال
650 0 4 _aالقصص التاريخية
650 0 4 _aالقصص
650 0 4 _aقصص الاطفال
942 _2ddc
_cBK
999 _c56728
_d56728